000 01879cam a22001934a 4500
005 20250605164141.0
008 250528s ||||||||||||||||||||||||d
035 _a18989
040 _aGR-AtMCL
_bgre
_dGR-AtMCL
_eAACR2
245 1 _aΓενική Λογιστική Ι, ΙΙ και Μηχανογραφημένη Λογιστική / Διδακτέα Ύλη Τ. Ε. Ι. και Α. Ε. Ι.: Έβδομη Έκδοση
250 _a
260 _bΑθήνα,
_c1994
300 _a432
520 _aΠρόλογος, Εισαγωγή στην Έννοια της Επιχείρησης, Η Λογιστική τα Οικονομικά Γεγονότα και οι Μεταβολές του Ισολογισμού, Οι Μετασχηματισμοί της Περιουσίας και η Παρακολούθηση Αυτών, Οι Λογαριασμοί Ειδικότερα, Διάκριση των Λογαριασμών Σύμφωνα με το Περιεχόμενο τους, Λογαριασμοί Ξένου Συνάλλαγματος, Τα Λογιστικά Βιβλία και Στοιχεία, Εργασίες Τέλους Χρήσης και Σύνταξη Ισολογισμού Λήξης, Εσωτερικός και Ταμειακός Έλεγχος, Η Λογιστική Οργάνωση και τα Λογιστικά Συστήματα, Λογιστική Υποκαταστημάτων, Τα Λογιστικά Σχέδια, Η Λογιστική και οι Η/Υ, Ο Εκτυπωτής, Το Λογισμικό, Η Εγκατάσταση Πακέτου, Είσοδος, Εργασία Πακέτου, Καθορισμός Δικαιωμάτων, Εργασίες Πινάκων, Εργασίες Βοηθητικών Προγραμμάτων.
700 1 _aΚότιτσας Μιχαήλ
_95270
942 _cBK
999 _c4281
_d4281